<?xml version="1.0" encoding="UTF-8"?>
<marc:record xmlns:marc="http://www.loc.gov/MARC21/slim">
   <marc:leader>00000nam a2200000 a 4500</marc:leader>
   <marc:datafield ind1="1" ind2=" " tag="100">
      <marc:subfield code="a">Dolk, Wouter</marc:subfield>
      <marc:subfield code="4">aut</marc:subfield>
      <marc:subfield code="e">Verfasser/-in</marc:subfield>
   </marc:datafield>
   <marc:datafield ind1="0" ind2="0" tag="245">
      <marc:subfield code="a">Die Kuh, der Bock, seine Geiss und ihr Liebhaber</marc:subfield>
   </marc:datafield>
   <marc:datafield ind1="0" ind2="0" tag="245">
      <marc:subfield code="b">Tiere im Hausgebrauch</marc:subfield>
   </marc:datafield>
   <marc:datafield ind1=" " ind2="1" tag="264">
      <marc:subfield code="b">Aufbau Verlag</marc:subfield>
      <marc:subfield code="c">2010</marc:subfield>
   </marc:datafield>
   <marc:datafield ind1="1" ind2=" " tag="520">
      <marc:subfield code="a">Quelle: bn.bibliotheksnachrichten (http://www.biblio.at/literatur/bn/index.html);  Autor: Wolfgang Moser;  Barbara Frischmuth verwandelt Redensarten in ein unterhaltsames Bestiarium über Tiere und Menschen, die sich tierisch benehmen. (DD)  Kurze Geschichten, bei denen es nur vordergründig um Tiere, aber hinter- und tiefgründig um Menschen und menschliche Schwächen - ganz selten auch Stärken - geht, ließ Barbara Frischmuth aus bekannten Sprichwörtern sowie veralteten und modernen Redewendungen entstehen. Wer denkt beim Schwein nicht an moralisch wenig hervorstechende Menschen und deren Schweinekram, vielleicht sogar an eine bestimmte Rampensau, wer weiß nichts von einer Sauarbeit und der Schlachtung des falschen Schweins, wurde nicht auch zur Sau gemacht oder musste noch nie mit dem inneren Schweinehund fertig werden? Die bekannte Autorin aus dem steirischen Salzkammergut macht aus diesem sprachlichen Material kurze Prosastücke, die am besten laut gelesen werden sollten, um ihre volle sprachspielerische Wirkung zu entfalten. Hart am Rande von skurriler Absurdität und Nonsenstexten sprühen die Texte des Büchleins vor Humor, manchmal auch vor schwarzem und dunkelgrauem, um die LeserInnen auf eine vergnügliche Entdeckungsreise zu Animalischem und Allzumenschlichem zu entführen.</marc:subfield>
   </marc:datafield>
   <marc:datafield ind1="3" ind2=" " tag="024">
      <marc:subfield code="a">9783351032975</marc:subfield>
   </marc:datafield>
</marc:record>
